[Event "Zhitomir Sachuk Memorial op"]
[Site "Zhitomir"]
[Date "2024.05.19"]
[Round "6"]
[White "Diachuk, Nazar"]
[Black "Starozhilov, Leonid"]
[Result "0-1"]
[WhiteElo "1786"]
[BlackElo "2281"]
[PlyCount "58"]
[EventDate "2024.05.19"]
[EventType "swiss (blitz)"]
[EventRounds "11"]
[EventCountry "UKR"]
[SourceTitle "CB22_2024"]
[SourceDate "2024.05.29"]
[SourceVersion "1"]
[SourceVersionDate "2024.05.29"]
[SourceQuality "1"]

1. d4 Nf6 2. c4 g6 3. Nf3 Bg7 4. g3 0-0 5. Bg2 d6 6. 0-0 c6 7. Nc3 Bf5 8. Re1 Ne4 9. Be3 Nxc3 10. bxc3 Be4 11. Qb3 Qc8 12. Nd2 Bxg2 13. Kxg2 Nd7 14. f3 Qc7 15. Rab1 Rab8 16. Bf2 a6 17. e4 c5 18. f4 b5 19. d5 Qa5 20. Rec1 b4 21. cxb4 Rxb4 22. Qc2 Rfb8 23. Rxb4 Rxb4 24. Rb1 h5 25. Be3 Nb6 26. Rb3 Qa4 27. e5 Nxc4 28. e6 Nxe3+ 29. Rxe3 Qxc2 0-1

[Event "Brody Bryvka Memorial"]
[Site "Brody"]
[Date "2023.12.17"]
[Round "4"]
[White "Diachuk, Nazar"]
[Black "Kikh, Roman"]
[Result "1-0"]
[WhiteElo "2027"]
[BlackElo "1325"]
[PlyCount "74"]
[EventDate "2023.12.17"]
[EventType "swiss"]
[EventRounds "9"]
[EventCountry "UKR"]
[SourceTitle "CB51_2023"]
[SourceDate "2023.12.20"]
[SourceVersion "1"]
[SourceVersionDate "2023.12.20"]
[SourceQuality "1"]

1. d4 d5 2. c4 e6 3. Nf3 Nf6 4. g3 Nc6 5. Bg2 Bb4+ 6. Bd2 0-0 7. a3 Bxd2+ 8. Nbxd2 Bd7 9. 0-0 dxc4 10. Nxc4 b5 11. Nce5 Nxe5 12. Nxe5 Nd5 13. Rc1 c6 14. Nxc6 Bxc6 15. Rxc6 Rc8 16. Rxc8 Qxc8 17. Qd2 Rd8 18. Rc1 Qd7 19. e3 g6 20. Rc5 Qe7 21. Qa5 Rb8 22. Rxb5 Rxb5 23. Qxb5 Nf6 24. b4 Qc7 25. Qc5 Qd7 26. Qc6 Qe7 27. Bf3 Kg7 28. Kg2 h5 29. h4 Qd8 30. a4 a5 31. bxa5 Qxa5 32. Qb5 Qa7 33. a5 Nd7 34. Bb7 Nf6 35. Qb6 Qb8 36. a6 Nd5 37. a7 Nf6 1-0

[Event "Brody Bryvka Memorial"]
[Site "Brody"]
[Date "2023.12.17"]
[Round "6"]
[White "Diachuk, Nazar"]
[Black "Stravinsky, Bogdan"]
[Result "1/2-1/2"]
[WhiteElo "2027"]
[BlackElo "1652"]
[PlyCount "86"]
[EventDate "2023.12.17"]
[EventType "swiss"]
[EventRounds "9"]
[EventCountry "UKR"]
[SourceTitle "CB51_2023"]
[SourceDate "2023.12.20"]
[SourceVersion "1"]
[SourceVersionDate "2023.12.20"]
[SourceQuality "1"]

1. d4 Nf6 2. c4 e6 3. g3 d5 4. Nf3 c6 5. Nbd2 Bd6 6. Bg2 0-0 7. 0-0 Nbd7 8. b3 Re8 9. Bb2 b6 10. Ne5 Bb7 11. e4 Nxe4 12. Nxe4 dxe4 13. Bxe4 Nxe5 14. dxe5 Bf8 15. Qf3 Qc7 16. Rad1 Rab8 17. Rd3 c5 18. Rfd1 Bxe4 19. Qxe4 Red8 20. Qe2 Be7 21. R1d2 Rxd3 22. Rxd3 Rd8 23. Qd1 Rxd3 24. Qxd3 g6 25. f3 Qd8 26. Qxd8+ Bxd8 27. Kf2 Kf8 28. Ke3 Ke8 29. Ke4 Kd7 30. g4 a6 31. a4 Kc6 32. f4 b5 33. Bc3 b4 34. Be1 a5 35. Bf2 Be7 36. f5 Kd7 37. fxg6 fxg6 38. Be3 Ke8 39. Kf4 g5+ 40. Kg3 h6 41. Kf3 Kd7 42. h4 Ke8 43. hxg5 hxg5 1/2-1/2